Emmy - Daytime Talk Show Host Quiz Stats

 Plays Quiz Updated Jul 5, 2017

Score 0/42 Timer 03:00
1 Play Today
Year Host % Correct
1997Rosie O'Donnell and Oprah Winfrey
95.8%
1986Oprah Winfrey
95.2%
1990Oprah Winfrey
95.2%
1991Oprah Winfrey
95.2%
1992Oprah Winfrey
95.2%
1993Oprah Winfrey
95.2%
1994Oprah Winfrey
95.2%
2004Ellen DeGeneres
86.3%
2005Ellen DeGeneres
86.3%
2006Ellen DeGeneres
86.3%
2007Ellen DeGeneres
86.3%
2008Ellen DeGeneres
86.3%
1996Rosie O'Donnell
75%
1998Rosie O'Donnell
75%
1999Rosie O'Donnell
75%
2001Rosie O'Donnell
75%
2012Regis Philbin & Kelly Ripa
52%
1976Phil Donahue
47.4%
1977Phil Donahue
47.4%
1978Phil Donahue
47.4%
1979Phil Donahue
47.4%
Year Host % Correct
1981Phil Donahue
47.4%
1982Phil Donahue
47.4%
1984Phil Donahue
47.4%
1985Phil Donahue
47.4%
1987Phil Donahue
47.4%
2000Regis Philbin
45.4%
2014Katie Couric and Mehmet Oz
33.9%
1995Montel Williams
32.5%
2009Cast of the View
32%
2013Ricki Lake
29.6%
1974Barbara Walters
27.7%
1988Sally Jessy Raphael
24.1%
2011Dr. Mehmet Oz and Regis Philbin & Kelly Ripa
16%
2002Wayne Brady
12.6%
2003Wayne Brady
12.6%
2010Dr. Mehmet Oz
12.2%
1973Dinah Shore
12%
1975Dinah Shore
12%
1989Joan Rivers
7.4%
1980Hugh Downs
4.2%
1983Gary Collins
3.6%

You're not logged in!

Compare scores with friends on all Sporcle quizzes.
OR
Log In

Sporcle TV

Today on Sporcle TV


Watch our educational content, quiz creation guides, and fun videos on Sporcle TV.

Show Comments

Extras

Top Quizzes Today


Score Distribution

Your Account Isn't Verified!

In order to create a playlist on Sporcle, you need to verify the email address you used during registration. Go to your Sporcle Settings to finish the process.

Report this User

Report this user for behavior that violates our Community Guidelines.

Details: